UM Logo

Congenital malformations: (Record no. 3596)

MARC details
000 -LEADER
fixed length control field 00664nam a22001697a 4500
008 - FIXED-LENGTH DATA ELEMENTS--GENERAL INFORMATION
fixed length control field 160726b xxu||||| |||| 00| 0 eng d
020 ## - INTERNATIONAL STANDARD BOOK NUMBER
International Standard Book Number 0-07-147189-8
082 ## - DEWEY DECIMAL CLASSIFICATION NUMBER
Edition number 2008
Classification number DC 618.32
Item number K96c
245 ## - TITLE STATEMENT
Title Congenital malformations:
Remainder of title evidenced-based evaluation and management/
Statement of responsibility, etc. edited by Praveen Kumar and Barbara K. Burton.
260 ## - PUBLICATION, DISTRIBUTION, ETC. (IMPRINT)
Place of publication, distribution, etc. New York:
Name of publisher, distributor, etc. McGraw-Hill Medical,
Date of publication, distribution, etc. c2008.
300 ## - PHYSICAL DESCRIPTION
Extent xv, 390 pages:
Other physical details illustrations;
Dimensions 25 cm.
500 ## - GENERAL NOTE
General note Includes bibliographical references and index.<br/>
650 #0 - SUBJECT ADDED ENTRY--TOPICAL TERM
9 (RLIN) 11962
Topical term or geographic name as entry element Birth defects
General subdivision Diagnosis
700 ## - ADDED ENTRY--PERSONAL NAME
9 (RLIN) 11963
Personal name Kumar, Praveen
Relator term Editor
700 ## - ADDED ENTRY--PERSONAL NAME
9 (RLIN) 11964
Personal name Burton, Barbara K.
Relator term Editor
942 ## - ADDED ENTRY ELEMENTS (KOHA)
Source of classification or shelving scheme Dewey Decimal Classification
Koha item type Circulation
Holdings
Withdrawn status Lost status Source of classification or shelving scheme Damaged status Not for loan Collection code Home library Current library Date acquired Source of acquisition Total Checkouts Full call number Barcode Date last seen Price effective from Koha item type
    Dewey Decimal Classification     Circulation UM Digos College - LIC UM Digos College - LIC 05/30/2011 Donated   DC 618.32 K96c 2008 21524 05/15/2025 07/26/2016 Circulation